| 000 | 00375nab a22001097u 4500 | ||
|---|---|---|---|
| 008 | 130520b1987 xxu||||| |||| 00| 0 ita d | ||
| 041 | _aita | ||
| 100 | 1 |
_aBetti, Umberto _912677 |
|
| 245 | 0 | 0 |
_aL'osequio al magisterio pontificio "non ex cathedra" nel n. 25 della "Lumen Gentium" _cUmberto Betti |
| 773 | 0 |
_tAntonianum _gV.62,1987,págs. 423-461 _x0003-6064 _wRev37 |
|
| 942 | _cAR | ||
| 999 |
_c329111 _d329111 |
||